000 00344nas a2200157 a 4500
001 94849
003 175388
005 20201118113125.0
008 ||||||n9999 ||| || ||
245 0 _aTime - Vol.162 No.10
260 _aEstados Unidos :
562 _e1
773 _021966
_aTime
942 _cSISS
999 _c94849
_d94849